| 000 | 00000nas 2200000za 4500 |
| 001 | 9.864222 |
| 003 | CaOODSP |
| 005 | 20221107161501 |
| 007 | cr ||||||||||| |
| 008 | 181105d19301947oncar p oss f000#b0fre| |
| 040 | |aCaOODSP|bfre |
| 041 | |aeng|afre |
| 043 | |an-cn--- |
| 086 | 1 |aCS35-203-PDF |
| 245 | 04|aThe hardwood flooring industry in Canada |h[ressource électronique]. |
| 246 | 14|aPreliminary report on the hardwood floor industry in Canada |iTitre de la couv., |f1930-1940 |
| 246 | 1 |aIndustrie des parquets en bois dur au Canada|iTitre parallèle : |f1934-1947 |
| 246 | 1 |aRapport preliminaire sur l'industrie des parquets en bois dur au Canada|iTitre de la couv. addit., |f1934-1940 |
| 260 | |aOttawa : |bDominion Bureau of Statistics, Forest Products Branch, |c1932-[1947] |
| 300 | |av. |
| 310 | |aAnnuel |
| 362 | 0 |a1930-1947. |
| 500 | |aTitre de départ. |
| 500 | |aTitre de la couv., 1930-1940: Preliminary report on the hardwood flooring industry in Canada. |
| 500 | |aÉdition numérisée de l’imprimé [par Statistique Canada] |
| 546 | |aTexte en anglais seulement, 1930-1933; texte en anglais et en français, 1934-1947. |
| 550 | |aPubl. 1931-1943 par la Section forestière; 1944-[1946?] par Statistiques des produits forestiers; 1947 par la Section des forêts. |
| 580 | |aSuivi de : The hardwood flooring industry = L'industrie des parquets en bois dur. |
| 692 | 07|2gccst|aPlancher |
| 692 | 07|2gccst|aIndustrie du bois |
| 710 | 1 |aCanada. |bBureau fédéral de la statistique. |bSection des produits forestiers. |
| 710 | 1 |aCanada. |bBureau fédéral de la statistique. |bSection forestière. |
| 710 | 1 |aCanada. |bBureau fédéral de la statistique. |bStatistiques des produits forestiers. |
| 710 | 1 |aCanada. |bBureau fédéral de la statistique. |bSection des forêts. |
| 785 | 00|tThe hardwood flooring industry |w(CaOODSP)9.864237 |
| 791 | |tThe hardwood flooring industry in Canada |eeng|w(CaOODSP)9.864221 |